Cyberwar-Netwar (Record no. 192348)
[ view plain ]
| 000 -LEADER | |
|---|---|
| fixed length control field | 01899nam a2200385Ia 4500 |
| 082 04 - DEWEY DECIMAL CLASSIFICATION NUMBER | |
| Classification number | 355.3/43 |
| 245 10 - TITLE STATEMENT | |
| Title | Cyberwar-Netwar |
| 260 ## - PUBLICATION, DISTRIBUTION, ETC. (IMPRINT) | |
| Place of publication | Amsterdam : |
| Name of publisher | IOS Press, |
| Year of publication | c2006. |
| 300 ## - PHYSICAL DESCRIPTION | |
| Number of Pages | xiv, 159 p. : |
| Other physical details | ill. |
| 490 1# - SERIES STATEMENT | |
| Series statement | NATO security through science series. Series D, Information and communication security ; |
| 500 ## - GENERAL NOTE | |
| General note | "Proceedings of the NATO Advanced Research Workshop on Cyberwar-Netwar: Security in the Information Age, Lisbon, Portugal, 24-26 November, 2003"--T.p. verso. |
| 650 #0 - SUBJECT ADDED ENTRY--TOPICAL TERM | |
| Topical Term | Computer networks |
| Topical Term | Information warfare |
| 700 1# - ADDED ENTRY--PERSONAL NAME | |
| Personal name | Carvalho, Fernando Duarte. |
| Personal name | Silva, Eduardo Mateus da. |
| 856 40 - ELECTRONIC LOCATION AND ACCESS | |
| Uniform Resource Identifier | http://site.ebrary.com/lib/rucke/Doc?id=10152493 |
No items available.
